Iban ritual textiles

Bibliographic Details
Main Author: Gavin, Traude
Format: Book
Published: Singapore : National University of Singapore Publishing , 2004
Subjects:

MARC

LEADER 00000cam a2200000 7i4500
001 0000019724
005 20080618.0
008 080618
020 |a 9971692945 
090 0 0 |a 746.089992   |b GAV 
100 1 |a Gavin, Traude 
245 1 0 |a Iban ritual textiles   |c Traude Gavin 
260 |a Singapore :   |b National University of Singapore Publishing ,   |c 2004 
650 0 |a Iban (Bornean people)   |z Malaysia Sarawak social life and customs 
650 0 |a Textile fabrics, Iban Malaysia Sarawak 
999 |a 0001025456   |b Book   |c REFERENCE   |e Perbadanan Perpustakaan Awam Johor